Introducción especial al Nuevo Testamento

Wedi'i Gadw mewn:
Manylion Llyfryddiaeth
Prif Awdur: Steinmueller, John E (Awdur)
Fformat: Llyfr
Iaith:Sbaeneg
Cyhoeddwyd: Buenos Aires Desclée de Brouwer 1951
Pynciau:
Tagiau: Ychwanegu Tag
Dim Tagiau, Byddwch y cyntaf i dagio'r cofnod hwn!

MARC

LEADER 00000nam a2200000 a 4500
001 UCL2086
003 CL-VaPUC
008 031010e19510000AG |||||||||||||||||spa|d
082 0 4 |a 225.61  |b STE  |2 21 
100 0 |a Steinmueller, John E  |e author  |9 479067 
245 1 0 |a Introducción especial al Nuevo Testamento 
300 |a 395 p 
942 |c BK 
945 |d 20031010 00:00:00  |a vberengu 
260 |a Buenos Aires  |b Desclée de Brouwer  |c 1951 
650 0 |a Biblia  |9 257603 
650 0 |a Textos sagrados   |9 257605 
650 0 |a Nuevo testamento  |9 257604 
583 |a last modification  |c 20031010 00:00:00  |k Rodrigo Vera 
999 |c 305446  |d 305444 
952 |0 0  |1 2  |4 0  |6 225_610000000000000_STE_1951  |7 0  |8 A  |9 369332  |a BIBTEO  |b BIBTEO  |d 2019-11-21  |i 2079194  |o 225.61 STE 1951  |p 2079194  |r 2019-11-21  |w 2019-11-21  |x Descarte 2019  |y BK  |k ICR